Ethnic groups and population changes in twentieth-century Central-Eastern Europe : (Record no. 9502)

MARC details
000 -LEADER
fixed length control field 01303cam a22003494a 4500
001 - CONTROL NUMBER
control field 12578505
005 - DATE AND TIME OF LATEST TRANSACTION
control field 20260502105551.0
008 - FIXED-LENGTH DATA ELEMENTS--GENERAL INFORMATION
fixed length control field 011102s2003 nyuab b 001 0 eng
010 ## - LIBRARY OF CONGRESS CONTROL NUMBER
LC control number 2001055083
020 ## - INTERNATIONAL STANDARD BOOK NUMBER
International Standard Book Number 0765606658
020 ## - INTERNATIONAL STANDARD BOOK NUMBER
International Standard Book Number 9780765606655
035 ## - SYSTEM CONTROL NUMBER
System control number 12578505
040 ## - CATALOGING SOURCE
Original cataloging agency IRDP
Transcribing agency IRDP
041 1# - LANGUAGE CODE
Language code of text/sound track or separate title eng
Language code of original pol
042 ## - AUTHENTICATION CODE
Authentication code pcc
043 ## - GEOGRAPHIC AREA CODE
Geographic area code ee-----
050 00 - LIBRARY OF CONGRESS CALL NUMBER
Classification number HB3582.7.A3
Item number E2313 2003
082 00 - DEWEY DECIMAL CLASSIFICATION NUMBER
Classification number 305.800 947 EBE
Edition number 21
100 1# - MAIN ENTRY--PERSONAL NAME
Personal name Eberhardt, Piotr.
240 10 - UNIFORM TITLE
Uniform title Między Rosją a Niemcami.
Language of a work English
245 10 - TITLE STATEMENT
Title Ethnic groups and population changes in twentieth-century Central-Eastern Europe :
Remainder of title history, data, and analysis /
Statement of responsibility, etc. Piotr Eberhardt ; translated by Jan Owsinski.
260 ## - PUBLICATION, DISTRIBUTION, ETC. (IMPRINT)
Place of publication, distribution, etc. Armonk, N.Y. :
Name of publisher, distributor, etc. M.E. Sharpe,
Date of publication, distribution, etc. c2003.
300 ## - PHYSICAL DESCRIPTION
Extent xxxii, 559 p. :
Other physical details ill., maps ;
Dimensions 26 cm.
504 ## - BIBLIOGRAPHY, ETC. NOTE
Bibliography, etc Includes bibliographical references (485-500) and indexes.
650 #0 - SUBJECT ADDED ENTRY--TOPICAL TERM
Topical term or geographic name as entry element Ethnology
Geographic subdivision Europe, Eastern.
650 #0 - SUBJECT ADDED ENTRY--TOPICAL TERM
Topical term or geographic name as entry element Minorities
Geographic subdivision Europe, Eastern.
651 #0 - SUBJECT ADDED ENTRY--GEOGRAPHIC NAME
Geographic name Europe, Eastern
General subdivision Population.
906 ## - LOCAL DATA ELEMENT F, LDF (RLIN)
a 7
b cbc
c orignew
d 1
e ocip
f 20
g y-gencatlg
942 ## - ADDED ENTRY ELEMENTS (KOHA)
Source of classification or shelving scheme Dewey Decimal Classification
Koha item type BOOKS
Holdings
Withdrawn status Lost status Source of classification or shelving scheme Damaged status Not for loan Home library Current library Shelving location Date acquired Total Checkouts Full call number Date last seen Copy number Price effective from Koha item type Barcode
    Dewey Decimal Classification     Dodoma Dodoma Ground Floor 02/05/2026   305.800 947 EBE 02/05/2026 1 02/05/2026 BOOKS  
    Dewey Decimal Classification     Dodoma Dodoma   02/05/2026   305.800 947 EBE 02/05/2026 2 02/05/2026 BOOKS LIB002415

IRDP © 2021 :: Managed by ICT Team